| 000 | 01201nam a22003857a 4500 | ||
|---|---|---|---|
| 001 | 0065020 | ||
| 003 | KOHA_MİRAKIL | ||
| 005 | 20260207004539.0 | ||
| 007 | ta | ||
| 008 | 191119b2019 tu |||gr||||#0|||0|tur | | ||
| 020 | _a9789754687002 | ||
| 040 |
_aTR-BiSEU _btur _cTR-BiSEU _erda |
||
| 041 | 0 | _atur | |
| 044 | _ctu | ||
| 050 |
_aB3118.S36 _bO38 2019 |
||
| 100 | 1 | _aSchopenhauer, Arthur. | |
| 240 | 1 | 0 | _lTürkçe |
| 245 | 1 |
_aOkumak, yazmak ve yaşamak üzerine/ _cArthur Schopenhauer ; Arthur Schopenhauer; çeviren Ahmet Aydoğan. |
|
| 250 | _a8. Baskı | ||
| 264 | 1 |
_aİstanbul : _bSay yayınları _c2019 |
|
| 300 | _a100 sayfa; 20 cm. | ||
| 336 |
_ametin _btxt _2rdacontent |
||
| 337 |
_aaracısız _bn _2rdamedia |
||
| 338 |
_acilt _bnc _2rdacarrier |
||
| 490 | 1 | _aSay Yayınları. | |
| 490 | 1 |
_aSchopenhaur/Toplu Eserleri ; _v4 |
|
| 500 | _aÖzgün adı: "Parega und paralipomenia, Bd. ıı, xxii, xxiii, xxiv" bölümler. | ||
| 650 | 0 |
_aFelsefe. _93265 |
|
| 650 | 0 |
_aAlman felsefesi. _986460 |
|
| 650 | 0 |
_aYaşam biçimi. _942814 |
|
| 830 | 1 |
_aSay Yayınları. _944743 |
|
| 830 | 1 |
_aSchopenhaur/Toplu Eserleri ; _v4 _9121375 |
|
| 907 | _aFelsefe | ||
| 942 |
_2lcc _cBK |
||
| 999 |
_c65271 _d65271 |
||